000 01003nam0a2200289 4500
001 RU\NLR\bibl\859717
005 20250614154458.0
010 _a5-7024-1987-1
_940000
021 _aRU
_b2005-50350
_92452
035 _a(NLR Aleph) 000848411
090 _a1464453
_c1464453
100 _a20051024d2005 |||y0rusy50 ca
101 1 _arus
_ceng
102 _aRU
105 _ay |||||||||
200 1 _aНеподражаемая
_eроман
_fКлэр Доналд
_g[пер. с англ. Е.К. Денякиной]
210 _aМосква
_cПанорама
_d2005
215 _a189, [1] с.
_d17
225 1 _aПанорама романов о любви
_eпериодический литературно-художественный альманах
_v05-128
686 _aШ6(4Вл)67-440.4{Лх1299-50}
700 1 _aДоналд
_bК.
_gКлэр
_4070
801 0 _aRU
_bNLR
_c20051024
_grcr
801 1 _aRU
_bNLR
_c20051024
942 _cBOOK
980 _aNB